Economic abstracts semi-monthly review of abstracts on economics, ...

Uložené v:
Podrobná bibliografia
Médium: Seriál
Jazyk:English
Vydavateľské údaje: Hague Nijhoff 1975
Tagy: Pridať tag
Žiadne tagy, Buďte prvý, kto otaguje tento záznam!

MARC

LEADER 00000nas2a2200000$$$4500
001 0011197
005 20250730114301.7
041 0 |a eng 
044 |a NL 
245 1 0 |a Economic abstracts  |b semi-monthly review of abstracts on economics, ... 
264 1 |a Hague  |b Nijhoff  |c 1975 
300 |a 1 zv 
773 0 |w eu_un_cat*0011181